| 000 | 00679nam a22002417a 4500 | ||
|---|---|---|---|
| 005 | 20170124110004.0 | ||
| 010 | _aA-822356 | ||
| 020 | _c75.00 | ||
| 035 | _aA-822356 | ||
| 037 | _bCen Lib/Ret | ||
| 040 |
_aDPL _bEN |
||
| 082 |
_a362.2905416 _bSUR |
||
| 100 |
_aSuri, V.P. _916418 |
||
| 245 |
_aProblem of drug abuse in Delhi : _cby V.P. Suri _bremedies and prevention measure / |
||
| 260 |
_aNew Delhi _bArya book depot |
||
| 270 |
_bNew Delhi _a30, Naiwla karol bagh |
||
| 300 |
_a53p. _c20cm(Hb) |
||
| 500 | _a | ||
| 650 |
_aSocial problems _916419 |
||
| 650 |
_aDrug abuse _916420 |
||
| 700 | _916395 | ||
| 942 |
_2ddc _cEN _h362.2905416 _mSUR |
||
| 999 |
_c126047 _d126047 |
||